00696nab a2200181uuc4500001000800000005001700008008004100025035001200066035002100078040001300099041000800112100004700120245014600167650003300313650003400346650002800380773010600408123201920240202100708.0110215e20100901 spa  a1232019 a(OCoLC)820574655 ccomduadb aspa10aNavarro Restrepo, Carlos Eduardo4auteaut13aEl método científico en la fundamentación de la moderna cirugía del Sistema Nervioso Central, según "Brain Surgery" (primera parte) 0aMétodos de investigación 7aSistema nervioso central2dcs aNeurología - Historia0 tNeurociencias en Colombia (Bogotá)gVol. 17, No. 03, Sep. 2010, p. 19-27w441638x0123-40480118003